| 000 | 00510cam a22001571 4500 | ||
|---|---|---|---|
| 082 |
_a515.723 _bSTA _cL-11 , P-1 |
||
| 100 | 1 |
_aStarkey, Bertrand Julian. _939340 |
|
| 245 | 1 | 0 | _aLaplace trans forms for electrical engineers. |
| 260 |
_aLondon, _bPublished for Wireless Engineer [by] Iliffe _c[1954] |
||
| 300 |
_a279 p. _billus. _c22 cm. |
||
| 526 |
_a0 _b0 _c0 _d515_723000000000000_STA |
||
| 650 | 0 | _aElectrical engineering. | |
| 650 | 0 |
_aLaplace transformation. _939000 |
|
| 650 | 0 |
_aMCE _9379 |
|
| 942 |
_2ddc _cBK |
||
| 999 |
_c543843 _d543843 |
||